书目信息 |
| 题名: |
圆锥曲线的八个主要问题
|
|
| 作者: | 周志文 编 | |
| 分册: | ||
| 出版信息: | 福州 福建人民出版社 1981 |
|
| 页数: | 220页 | |
| 开本: | 19cm | |
| 丛书名: | ||
| 单 册: | ||
| 中图分类: | O123.3 , G633.6 | |
| 科图分类: | ||
| 主题词: | 圆锥曲线 , 教育--各级 | |
| 电子资源: | ||
| ISBN: | ||
| 000 | 00697nam0 2200265 45 | |
| 001 | 0181010010 | |
| 005 | 20040913084704.3 | |
| 010 | @dCNY0.58 | |
| 091 | @a7173.423 | |
| 100 | @a19950623d1981 em y0chiy0121 ea | |
| 101 | 0 | @achi |
| 102 | @aCN@b350000 | |
| 105 | @ay z 000yy | |
| 106 | @ar | |
| 200 | 10 | @a圆锥曲线的八个主要问题@Ayuan zhui qu xian de ba ge zhu yao wen ti@f周志文编 |
| 210 | @a福州@c福建人民出版社@d1981 | |
| 215 | @a220页@d19cm | |
| 606 | @a圆锥曲线 | |
| 606 | 0 | @a教育@x各级 |
| 690 | @aO123.3@v3 | |
| 690 | @aG633.6@v3 | |
| 701 | 0 | @a周志文@Azhou zhi wen@4编 |
| 801 | 0 | @aCN@b上海图书馆@c20040427 |
| 801 | 2 | @aCN@bNLC@c20040427 |
| 905 | @dG633.6@e112@f1@b159202 | |
| 圆锥曲线的八个主要问题/周志文编.-福州:福建人民出版社,1981 |
| 220页;19cm |
| ISBN :CNY0.58 |
| ● |
| 相关链接 |
|
|
|
|
正题名:圆锥曲线的八个主要问题
索取号:G633.6/112
 
预约/预借
| 序号 | 登录号 | 条形码 | 馆藏地/架位号 | 状态 | 备注 |
| 1 | 0159202 | 001931057 | 密集书库/ [索取号:G633.6/112] | 在馆 | |
| 2 | 0159203 | 000245345 | 第一样本阅览室/ [索取号:G633.6/112] | 在馆 | |
| 3 | 0159204 | 000245354 | 密集书库/ [索取号:G633.6/112] | 在馆 |